000 01238nam a22003257a 4500
003 CHAP
005 20220329134904.0
008 971013s1982 r 10010 d
010 _a27570
011 _a28542
035 _a32646
040 _cCHAP
082 _a630.83
_bC65 1982
111 0 0 _aCongreso Nacional sobre Estadísticas Agropecuarias y Forestales (
_n5
_d: 1982
_c: México, D.F.)
_927129
245 _aConferencias en las sesiones plenarias
_b: conclusíones y recomendaciones
260 _aMéxico, D.F. :
_bDirección de Economía Agrícola,
_c1982?
300 _a62 p.
_b: ilus.
590 _aBATCH-UPD
_b10
_c20130110
_lUCH01
_h1617
590 _aBATCH-UPD
_b10
_c20130410
_lUCH01
_h1012
590 _aBATCH-UPD
_b10
_c20130914
_lUCH01
_h0710
590 _aCONVERSION
_b10
_c20130109
_lUCH01
_h1316
650 1 4 _aAgricultura
_xEstadisticas.
_91417
650 1 4 _aBosques
_xEstadísticas.
_914136
650 1 4 _aGanadería
_xEstadísticas.
_944694
901 _aBK
942 _cLIBRO
949 _a630.83 C65 1982
_bBC
_cCONG
_d-76011
_eCONG
_h60199
_i32646
_si
949 _a630.83 C65 1982
_bBC
_cLIBRO
_d33724000046611
_eLIBRO
_fc.2
_h62991
_i32646
_si
949 _a630.83 C65 1982
_bBC
_cLIBRO
_d33724000046629
_eLIBRO
_fc.3
_h62992
_i32646
_si
999 _c27570
_d27570